Vyhodnocení podmínek rozvoje MSP (malého a středního podnikání) v ČR (z účetního a daňového pohledu) a jeho srovnání se Slovenskem (v návaznosti na vstup obou zemí do Evropské unie)

V súlade so vstupom ČR a SR do EÚ vystupuje otázka úpravy účtovníctva a daní v oboch krajinách. Nevyhnutnosť náväznosti na medzinárodnú harmonizáciu účtovníctva a daní. Prieskumy rozvoja MSP v ČR - účtovné, daňové a legislatívne aspekty rozvoja v podmienkach rokov 1997-2000. Veľký význam v podnikate...

Descrizione completa

Salvato in:
Dettagli Bibliografici
Autore principale: Sikorová, Eva
Natura: Capitolo di libro
Lingua:ceco
Soggetti:
Tags: Aggiungi Tag
Nessun Tag, puoi essere il primo ad aggiungerne!!

MARC

LEADER 00000naa$a2200000$$$4500
001 0019133
005 20221128124340.4
041 0 |a cze 
044 |a SK 
245 1 0 |a Vyhodnocení podmínek rozvoje MSP (malého a středního podnikání) v ČR (z účetního a daňového pohledu) a jeho srovnání se Slovenskem (v návaznosti na vstup obou zemí do Evropské unie)  |c Eva Sikorová 
520 |a V súlade so vstupom ČR a SR do EÚ vystupuje otázka úpravy účtovníctva a daní v oboch krajinách. Nevyhnutnosť náväznosti na medzinárodnú harmonizáciu účtovníctva a daní. Prieskumy rozvoja MSP v ČR - účtovné, daňové a legislatívne aspekty rozvoja v podmienkach rokov 1997-2000. Veľký význam v podnikateľskej sfére ČR a SR zohravajú daňové zákony. Kľúčovú úlohu má aj zákon o účtovníctve. 
610 2 0 |a Slovensko 
610 2 0 |a Česko 
610 2 0 |a Európska únia 
610 2 0 |a dane 
610 2 0 |a účtovníctvo 
610 2 0 |a zákony 
610 2 0 |a aproximácia práva 
100 1 |a Sikorová, Eva